<?xml version="1.0" encoding="UTF-8"?>
<collection xmlns="http://www.loc.gov/MARC21/slim">
 <record>
  <leader>00584nam a22001455a 4500</leader>
  <controlfield tag="001">EUN.um014771</controlfield>
  <controlfield tag="003">AR-BaUNS</controlfield>
  <controlfield tag="005">20050623122857.0</controlfield>
  <controlfield tag="008">041125s1974####ag#a##########000#0#spa#d</controlfield>
  <datafield tag="245" ind1="1" ind2="0">
   <subfield code="a">Determinación de estructuras atípicas en el área de transición entre la región pampeana con cultivo de secano y los oasis de riego patagónico /</subfield>
   <subfield code="c">Alicia M. Capelli de Steffens.</subfield>
  </datafield>
  <datafield tag="260" ind1=" " ind2=" ">
   <subfield code="a">Bahía Blanca,</subfield>
   <subfield code="c">1974.</subfield>
  </datafield>
  <datafield tag="300" ind1=" " ind2=" ">
   <subfield code="a">No paginado :</subfield>
   <subfield code="b">ilus. ;</subfield>
   <subfield code="c">27,5 cm.</subfield>
  </datafield>
  <datafield tag="100" ind1="1" ind2=" ">
   <subfield code="a">Capelli de Steffens, Alicia M.</subfield>
  </datafield>
  <datafield tag="082" ind1="0" ind2="4">
   <subfield code="a">338.91</subfield>
  </datafield>
  <datafield tag="859" ind1=" " ind2=" ">
   <subfield code="a">Ar-BaUNS</subfield>
   <subfield code="b">BIB. CENTRAL - Sector C</subfield>
   <subfield code="h">338.91</subfield>
   <subfield code="i">C171</subfield>
   <subfield code="p">71249/974</subfield>
  </datafield>
 </record>
</collection>
